000 00743cab a2200205 4500
001 L130532
008 050809n2005 000 0 eng u
035 _a(Sirsi) u130532
041 _aeng
100 _aLund, Tony
245 _aPublic rights of way and planning
260 _c2005
490 _aTown & Country Planning
_v74(7/8) July/August 2005, 240-245(6)
520 _aExamines the links between the implementation and management of the public rights of way network and the development control process. Includes a summary of recommendations and a case example.
590 _aIKA160805
650 _aCOUNTRYSIDE AND RIGHTS OF WAY ACT 2000
690 _aPlanning and development
_96259
700 _aAlexander, David
942 _n0
999 _c75683
_d75683